Kỹ thuật nuôi lươn, ếch, ba ba, cá lóc

Tài liệu gồm 4 phần trình bài về những đặc điểm sinh học, kỹ thuật, cách nuôi cũng như cách phòng và chữa bệnh của loài lươn, ếch, ba ba và cá lóc nhằm góp phần đẩy mạnh phong trào nuôi đặc sản nước ngọt. Tác giả đã sử dụng một số k...

詳細記述

保存先:
書誌詳細
第一著者: Ngô, Trọng Lư
フォーマット: 図書
言語:Undetermined
出版事項: Thành phố Hồ Chí Minh Nông nghiệp 2008
主題:
タグ: タグ追加
タグなし, このレコードへの初めてのタグを付けませんか!
Thư viện lưu trữ: Trung tâm Học liệu Trường Đại học Cần Thơ
LEADER 01308nam a2200205Ia 4500
001 CTU_132289
008 210402s9999 xx 000 0 und d
020 |c 16000 
082 |a 639.37 
082 |b L550 
100 |a Ngô, Trọng Lư 
245 0 |a Kỹ thuật nuôi lươn, ếch, ba ba, cá lóc 
245 0 |c Ngô Trọng Lư 
260 |a Thành phố Hồ Chí Minh 
260 |b Nông nghiệp 
260 |c 2008 
520 |a Tài liệu gồm 4 phần trình bài về những đặc điểm sinh học, kỹ thuật, cách nuôi cũng như cách phòng và chữa bệnh của loài lươn, ếch, ba ba và cá lóc nhằm góp phần đẩy mạnh phong trào nuôi đặc sản nước ngọt. Tác giả đã sử dụng một số kết quả đã điều tra nghiên cứu, tổng kết kinh nghiệm ở một số cơ sở, địa phương, đồng thời giới thiệu một số kinh nghiệm sản xuất của nước ngoài để biên soạn nên cuốn sách này. 
650 |a Cá nước ngọt,Fish-culture,Freshwater fishes,Frog culture,Turtle culture 
904 |i Giang 
980 |a Trung tâm Học liệu Trường Đại học Cần Thơ